Normal view
MARC view
Entry Personal Name
001 - CONTROL NUMBER
- control field: 5325
003 - CONTROL NUMBER IDENTIFIER
- control field: BD-RjUL
005 - DATE AND TIME OF LATEST TRANSACTION
- control field: 20221018174203.0
008 - FIXED-LENGTH DATA ELEMENTS
- fixed length control field: 221018|| aca||aabn | a|a d
040 ## - CATALOGING SOURCE
- Original cataloging agency: BD-RjUL
- Transcribing agency: BD-RjUL
100 ## - HEADING--PERSONAL NAME
- Personal name: Sarker, Md. Abdul Latif
670 ## - SOURCE DATA FOUND
- Source citation: Work cat.: (BD-RjUL)80564: Sarker, Md. Abdul Latif, Analysis of resource base and exogenous factors relevant to sustainable development in A dry land-beel ecosystem in Puthia, Rajshahi /, 2010